Les Attractions de Disneyland Paris - Statistiques

Statistiques générales
  • Ce quiz a été pris 534 fois
  • Le résultat moyen est 16 sur 45
Statistiques - réponses
Land Attraction % Correct
Fantasyland Peter Pan's Flight
74%
Adventureland Indiana Jones et le Temple du Péril
73%
Discoveryland Star Wars Hyperspace Mountain
72%
Adventureland Pirates of the Caribbean
69%
Frontierland Big Thunder Mountain
67%
Discoveryland Buzz Lightyear Laser Blast
63%
Frontierland Phantom Manor
62%
Discoveryland Autopia
60%
Fantasyland Les Voyages de Pinocchio
59%
Fantasyland Dumbo the Flying Elephant
56%
Discoveryland Orbitron
55%
Discoveryland Star Tours : L'Aventure Continue
55%
Fantasyland It's a Small World
52%
Toon Studio Cars Quatre Roues Rallye
46%
Toon Studio Ratatouille : L'Aventure Totalement Toquée de Rémy
46%
Fantasyland Blanche-Neige et les Sept Nains
44%
Adventureland La Cabane des Robinson
41%
Toy Story Playland RC Racer
40%
Fantasyland Alice's Curious Labyrinth
39%
Toy Story Playland Slinky Dog Zigzag Spin
36%
Fantasyland Le Carrousel de Lancelot
32%
Toon Studio Crush's Coaster
31%
Fantasyland Le Pays des Contes de Fées
31%
Discoveryland Les Mystères du Nautilus
30%
Main Street U.S.A Disneyland Railroad
25%
Fantasyland La Tanière du Dragon
25%
Production Courtyard The Twilight Zone Tower of Terror
25%
Fantasyland Le Château de la Belle au Bois Dormant
22%
Adventureland Le Passage Enchanté d'Aladdin
22%
Adventureland Adventure Isle
20%
Fantasyland Mad Hatter's Tea Cups
20%
Fantasyland Casey Jr. - le Petit Train du Cirque
19%
Adventureland La Plage des Pirates
19%
Frontierland Thunder Mesa Riverboat Landing
17%
Main Street U.S.A Liberty Arcade
15%
Main Street U.S.A Discovery Arcade
14%
Fantasyland Rencontre avec Mickey – Meet Mickey Mouse
13%
Toy Story Playland Toy Soldiers Parachute Drop
13%
Front Lot Disney Studio 1
10%
Fantasyland Pavillon des Princesses
10%
Main Street U.S.A Main Street Vehicles
9%
Fantasyland La Galerie de la Belle au Bois Dormant
7%
Frontierland Rustler Roundup Shootin' Gallery
5%
Toon Studio Les Tapis Volants – Flying Carpets Over Agrabah
4%
Discoveryland Mickey et son Orchestre PhilharMagique
4%
Aucun quiz correspondant
Distribution des résultats
% des personnes avec chaque résultat
Percentile par nombre de réponses
Votre historique - résultats
Vous n’avez pas pris ce quiz